000 00842nam a2200265Ia 4500
003 OSt
005 20220918170219.0
006 a|||||r|||| 00| 0
007 ta
008 220917b |||||||| |||| 00| 0 eng d
020 _a978 81 250 6274 5 (hbk)
_cINR 850.00
024 _a326,565
037 _b369, 09/03/2018, Classic Book Service
_cTextual
040 _aARTS
_cARTS
_beng
041 _2eng
_aeng
082 _aY.1, Q6
100 _aBandhopadhyay Mahuya Ed.
_927704
245 0 _aTowards a new sociology in India
260 _aNew Delhi
_bOrient Blackswan India
_c2016
300 _ax,266p.
_ccm.
650 _aSOCIOLOGY
700 _a Hebber Ritambhara Ed.
_927705
942 _hY.1, Q6
_cTEXL
_2CC
999 _c133129
_d133129